Sampurna kahaniyan/ (Record no. 11325)

MARC details
000 -LEADER
fixed length control field 00543nam a22001937a 4500
005 - DATE AND TIME OF LATEST TRANSACTION
control field 20260515114923.0
008 - FIXED-LENGTH DATA ELEMENTS--GENERAL INFORMATION
fixed length control field 220622b ||||| |||| 00| 0 eng d
020 ## - INTERNATIONAL STANDARD BOOK NUMBER
International Standard Book Number 9788126705979
040 ## - CATALOGING SOURCE
Original cataloging agency IN-DiNC
Transcribing agency IN-DiNC
041 ## - LANGUAGE CODE
Language code of sung or spoken text hin
082 ## - DEWEY DECIMAL CLASSIFICATION NUMBER
Classification number 891.433
Item number VER
100 ## - MAIN ENTRY--PERSONAL NAME
Personal name Verma, Bhagwati Charan
Relator term author
245 ## - TITLE STATEMENT
Title Sampurna kahaniyan/
Statement of responsibility, etc. by Bhagwati Charan Verma
250 ## - EDITION STATEMENT
Edition statement 5th ed.
260 ## - PUBLICATION, DISTRIBUTION, ETC.
Place of publication, distribution, etc. New Delhi:
Name of publisher, distributor, etc. Rajkamal prakashan,
Date of publication, distribution, etc. 2020
300 ## - PHYSICAL DESCRIPTION
Extent 368p.
650 ## - SUBJECT ADDED ENTRY--TOPICAL TERM
Topical term or geographic name entry element Hindi short stories by Bhagwati Charan Verma
942 ## - ADDED ENTRY ELEMENTS (KOHA)
Source of classification or shelving scheme Dewey Decimal Classification
Koha item type Books
Holdings
Withdrawn status Lost status Source of classification or shelving scheme Damaged status Not for loan Collection Home library Current library Shelving location Date acquired Cost, normal purchase price Total checkouts Full call number Barcode Date last seen Copy number Price effective from Koha item type
    Dewey Decimal Classification       Naharkatiya College Library Naharkatiya College Library General stacks 06/22/2022 895.00   891.433 VER 28803 06/22/2022 1 06/22/2022 Books